000 00466nam a2200169Ia 4500
008 230612s9999 xx 000 0 und d
041 _aeng
082 _a621.38 KAP
100 _aKapoor A.
_9108932
245 _aDigital Electronics
_bPrinciples And Applications
260 _c1992
_bMacmillan
300 _a297
365 _cRs.
_b88.00
700 _aKapoor A. & Maheshwari L.K.
_9184730
906 _dB:660614-Jan-1993
_cETC
_b13.2
999 _c165830
_d165830